000 01041nam a2200229Ia 4500
003 Ost
005 20260507075051.0
008 260507s9999||||xx |||||||||||||| ||und||
020 _a9957111108
040 _cfsecg
041 _aara
082 _a332.1752
100 _aالزغبي، اكرم ابراهيم حمدان
_eمؤلف
245 0 _aمسؤولية المصرف المصدر في الاعتماد المستندي :
_bدراسة مقارنة وفقا لأحكام النشرة 500 /
_c اكرم ابراهيم حمدان الزغبي
260 _aعمان:
_bدار وائل,
_c2000
300 _a212 صفحة؛
_bإيضاحات ؛
_c24 سم
504 _aالمراجع ص.203
520 _aالتزامات المصرف المصدر تجاه العميل الأمر، التزامات المصرف المصدر تجاه المستفيد، التزامات المصرف المصدر تجاه المصارف الوسيطة
653 _aالاعتمادات المستندية
653 _aبنوك
942 _cكتاب
999 _c42660
_d42660